000 00952nam a2200265Ia 4500
001 21740
005 20260320113308.0
008 260320s9999||||xx |||||||||||||| ||und||
020 _a9789587627305
041 _aESP
082 _a629.8
_bV35
100 _aVásquez Cortés, Juan Camilo,
_eAUT
245 0 _aAutomatización electroneumática. Métodos sistemáticos
_b
246 _a
_5
_b
250 _aPrimera edición
260 _aBogotá :
_bEdiciones de la U,
_c2017
300 _a252 páginas :
_bilustraciones, tablas ;
_c24 cm.
_e
440 _a(Ingeniería eléctrica y electrónica)
_n
_v
650 _aTCA
653 _aFundamentos de automatización; Circuitos electroneumáticos; Métodos en el diseño de circuitos
654 _aCII
700 _aCardona Guio, Juan Pablo,
_cAUT
856 _uhttps://ieeexplore-ieee-org.ucsp.lookproxy.com/Xplore/home.jsp
_zVéase además: Base de datos IEEE Xplore
942 _cLIB
_dJUS
_fMAT
_2ddc
_n
999 _c21740
_d21740